Царевна Софья Алексеевна: [Ист. романы]; Стрелецкий бунт; Престол и монастырь

Detalles Bibliográficos
Autor principal: Карнович Е. П. Евгений Петрович
Sumario:На пер. авт. не указан
Загл. пер. : Царевна Софья
Lenguaje:ruso
Publicado: Москва, Новая книга, 1994
Copublished:К. П. Масальский. Стрелецкий бунт; П. В. Полежаев. Престол и монастырь
Colección:Всемирная история в романах
Летопись великих событий
Materias:
Formato: Libro
KOHA link:https://koha.lib.tpu.ru/cgi-bin/koha/opac-detail.pl?biblionumber=101324

MARC

LEADER 00000nam0a2200000 4500
001 101324
005 20240619165604.0
010 |a 584740204X 
010 |a 5-8474-0222-8 
020 |a RU  |b 94-32813 
035 |a (RuTPU)RU\TPU\book\109197 
090 |a 101324 
100 |a 20060911d1994 m y0rusy5003 ca 
101 0 |a rus 
102 |a RU 
105 |a y z 000ay 
200 1 |a Царевна Софья Алексеевна  |e [Ист. романы]  |f Е. Карнович 
210 |a Москва  |c Новая книга  |d 1994 
215 |a 605,[2] с.  |d 21 см 
225 1 |a Всемирная история в романах 
225 1 |a Летопись великих событий 
300 |a На пер. авт. не указан 
300 |a Загл. пер. : Царевна Софья 
423 |t Стрелецкий бунт  |f К. П. Масальский 
423 |t Престол и монастырь  |f П. В. Полежаев  |a Полежаев, Петр Васильевич 
600 0 |a Софья Алексеевна  |c русская царевна из династии Романовых  |f 1657-1704  |2 stltpush  |3 (RuTPU)RU\TPU\pers\4407  |9 1004 
610 1 |a Русское государство 
610 1 |a исторические романы 
675 |a Р2  |z rus  |v 3 
700 1 |a Карнович  |b Е. П.  |g Евгений Петрович  |4 070 
801 0 |a RU  |b RuMRKP  |c 19950413  |g psbo 
801 1 |a RU  |b 63413507  |c 20060911  |g PSBO 
801 2 |a RU  |b 63413507  |c 20060911  |g PSBO 
942 |c BK